00700nam a2200193 a 4500008004100000020001500041050002200056100001800078245012500096260004800221300002000269350000900289490002300298650004800321650003800369650003700407650004600444650001600490100614s2000 ||||||||||||||||| || u a0393319989 aQH 541.15.M64 Sta aStarke, Linda10aState of the World 2000: a worldwatch institute report on progress toward a sustainable society.cedited by Linda Starke aNew York:bW.W. Norton & Company, Incc2000 axix, 276p: ill. a0.00 astate of the World 0aECONOMIC DEVELOPMENT--ENVIRONMENTAL ASPECTS aCONSERVATION OF NATURAL RESOURCES 0aENVIRONMENTAL PROTECTION--ZAMBIA 0aECONOMIC DEVELOPMENT--AFRICA, SUB-SAHARAN aENVIRONMENT